[Event "Sommerschach 2022 Vereinsspieler"]
[Site "Dortmund"]
[Date "2022.07.06"]
[Round "3.16"]
[White "Allen, Phillipp"]
[Black "Buyken, Florian"]
[Result "1/2-1/2"]
[WhiteElo "1618"]
[BlackElo "1894"]
[PlyCount "119"]
[EventDate "2022.07.??"]
[EventType "tourn"]
[EventRounds "7"]
[WhiteTeam "SV Erkenschwick"]
[BlackTeam "PSV Duisburg"]

1. e4 e6 2. d4 d5 3. exd5 exd5 4. Bd3 Bd6 5. c3 Ne7 6. Bg5 f6 7. Bh4 Nbc6 8.
Bg3 Bf5 9. Nf3 Bxg3 10. hxg3 Qd7 11. Qc2 O-O-O 12. Nbd2 Qe6+ 13. Kf1 h5 14. Nb3
Kb8 15. Re1 Qc8 16. Ke2 Bg4 17. Kd1 Nf5 18. Kc1 Nd6 19. Nh2 Bf5 20. f3 Rhe8 21.
Qd2 b6 22. Bxf5 Qxf5 23. g4 hxg4 24. Nxg4 Nc4 25. Qc2 Qg5+ 26. Kb1 a5 27. Qc1
Qg6+ 28. Ka1 f5 29. Ne3 Nxe3 30. Rxe3 Qxg2 31. Rg1 Qf2 32. Ree1 a4 33. Ref1 Qh2
34. Rh1 Qd6 35. Nd2 Re2 36. f4 Rde8 37. Nf3 a3 38. b3 Kb7 39. Ne5 Nxe5 40. fxe5
Qg6 41. Rfg1 Rg2 42. Rxg2 Qxg2 43. Rg1 Qf3 44. b4 Rh8 45. Qxa3 Qf2 46. Rb1 g5
47. Qb3 Qg2 48. Rc1 Rh1 49. Kb1 Qe4+ 50. Qc2 Qxc2+ 51. Kxc2 Rxc1+ 52. Kxc1 b5
53. Kd2 f4 54. Ke2 g4 55. Kf2 Kc6 56. Kg2 Kd7 57. Kf2 Ke6 58. Kg2 Kf5 59. a3
Kg5 60. Kf2 1/2-1/2

[Event "Sommerschach 2022 Vereinsspieler"]
[Site "Dortmund"]
[Date "2022.07.06"]
[Round "3.17"]
[White "Shelukie, Magd"]
[Black "Poggemann, Alexander"]
[Result "0-1"]
[WhiteElo "1637"]
[BlackElo "1829"]
[PlyCount "106"]
[EventDate "2022.07.??"]
[EventType "tourn"]
[EventRounds "7"]
[WhiteTeam "Bergische SF"]
[BlackTeam "SV Hemer"]

1. Nf3 Nf6 2. g3 g6 3. b3 Bg7 4. Bb2 O-O 5. Bg2 d5 6. O-O c5 7. d3 Bf5 8. Nbd2
Nc6 9. Re1 Qc8 10. Nh4 Bh3 11. Bh1 d4 12. e4 e5 13. Ba3 b6 14. Nf1 a5 15. Qd2
Ng4 16. Ng2 f5 17. exf5 Rxf5 18. Re2 Bh6 19. Qe1 Qd7 20. Nh4 Rf6 21. Be4 Raf8
22. f3 Bxf1 23. Kxf1 g5 24. Kg1 gxh4 25. fxg4 Be3+ 26. Rxe3 dxe3 27. Qxe3 Qd4
28. Qxd4 Nxd4 29. Bb2 Nxc2 30. Bd5+ Kg7 31. Bxe5 Nxa1 32. Bxa1 Kg6 33. Bxf6
Rxf6 34. gxh4 h6 35. Be4+ Kg7 36. g5 hxg5 37. hxg5 Rf4 38. g6 b5 39. Kg2 c4 40.
bxc4 bxc4 41. Bd5 c3 42. Bb3 Rb4 43. Bd1 Rb1 44. Ba4 Rb4 45. Bd1 c2 46. Bxc2
Rb2 47. Kf3 Rxc2 48. Ke4 Rxa2 49. h4 Rc2 50. h5 a4 51. d4 a3 52. Kd3 Rc8 53. d5
a2 0-1

[Event "Sommerschach 2022 Vereinsspieler"]
[Site "Dortmund"]
[Date "2022.07.06"]
[Round "3.18"]
[White "Werner, Patrick"]
[Black "Schacht, Jürgen"]
[Result "1/2-1/2"]
[WhiteElo "1885"]
[BlackElo "1548"]
[PlyCount "53"]
[EventDate "2022.07.??"]
[EventType "tourn"]
[EventRounds "7"]
[WhiteTeam "SC Hansa Dortmund"]
[BlackTeam "SV Rochade Eving"]

1. Nf3 d5 2. g3 g6 3. Bg2 Bg7 4. c4 d4 5. O-O e5 6. d3 Ne7 7. e3 c5 8. exd4
exd4 9. Re1 O-O 10. Bf4 Nbc6 11. Nbd2 Bf5 12. Ne4 Bxe4 13. Rxe4 Rc8 14. Qd2 Qd7
15. Rae1 Rfe8 16. Qe2 h6 17. h4 Kf8 18. Kh2 Nf5 19. Bh3 Re7 20. Ne5 Bxe5 21.
Bxe5 Nxe5 22. Rxe5 Rce8 23. Rxe7 Rxe7 24. Qxe7+ Qxe7 25. Rxe7 Nxe7 26. Kg2 Nc6
27. Kf3 1/2-1/2

[Event "Sommerschach 2022 Vereinsspieler"]
[Site "Dortmund"]
[Date "2022.07.06"]
[Round "3.19"]
[White "Echargui, Amin"]
[Black "Scholtyßek, Norbert"]
[Result "1-0"]
[WhiteElo "1751"]
[BlackElo "1542"]
[PlyCount "65"]
[EventDate "2022.07.??"]
[EventType "tourn"]
[EventRounds "7"]
[WhiteTeam "SG Mengede"]
[BlackTeam "SF Lünen"]

1. e4 d5 2. exd5 Nf6 3. Nc3 Nxd5 4. d4 c6 5. Nf3 Bf5 6. Bd3 e6 7. O-O Nb6 8.
Be3 Bg6 9. Bf4 Be7 10. Re1 Bh5 11. Ne4 Bxf3 12. Qxf3 Nd5 13. Be5 O-O 14. Qh3 f5
15. Nc5 Qc8 16. Nxe6 Qxe6 17. Bxb8 Qf7 18. Be5 Nb4 19. c3 Nxd3 20. Qxd3 Rad8
21. Qg3 g6 22. b4 Rfe8 23. a4 Rd7 24. b5 Bd8 25. bxc6 bxc6 26. Qf3 Qc4 27. a5
Rd5 28. Reb1 Bxa5 29. Rb7 Bxc3 30. Raxa7 Bxd4 31. Rg7+ Kh8 32. Rxh7+ Kg8 33.
Rh8# 1-0

[Event "Sommerschach 2022 Vereinsspieler"]
[Site "Dortmund"]
[Date "2022.07.06"]
[Round "3.20"]
[White "Steinke, Hans-Jörg"]
[Black "Borch, Roland"]
[Result "0-1"]
[WhiteElo "1721"]
[BlackElo "1512"]
[PlyCount "70"]
[EventDate "2022.07.??"]
[EventType "tourn"]
[EventRounds "7"]
[WhiteTeam "SV Erkenschwick"]
[BlackTeam "SVG Marten-Bövinghausen"]

1. d4 g6 2. c4 Bg7 3. Nc3 c5 4. d5 d6 5. e4 Nf6 6. Nf3 O-O 7. Be2 b5 8. cxb5 a6
9. bxa6 Bxa6 10. O-O Bxe2 11. Qxe2 Na6 12. Rd1 Nc7 13. h3 Nd7 14. Bg5 Ne5 15.
a3 Qd7 16. Bf4 Nxf3+ 17. Qxf3 Rfb8 18. Qe2 Rb3 19. Rdc1 Rab8 20. Ra2 Nb5 21.
Nxb5 R8xb5 22. Rc2 Qb7 23. Bc1 Bd4 24. g3 Qd7 25. Kg2 f5 26. exf5 gxf5 27. Bh6
Kf7 28. Qh5+ Kg8 29. Qg5+ Kh8 30. Re2 Bf6 31. Qc1 Qb7 32. a4 R5b4 33. Bd2 Rd4
34. Bc3 Qxd5+ 35. Kh2 Rd1 0-1

[Event "Sommerschach 2022 Vereinsspieler"]
[Site "Dortmund"]
[Date "2022.07.06"]
[Round "3.21"]
[White "Orlowski, Wilfried"]
[Black "Schulz, Dennis"]
[Result "0-1"]
[WhiteElo "1544"]
[BlackElo "1599"]
[PlyCount "60"]
[EventDate "2022.07.??"]
[EventType "tourn"]
[EventRounds "7"]
[BlackTeam "SV Rochade Eving"]

1. d4 Nf6 2. c4 e6 3. Nc3 d5 4. Bg5 Be7 5. e3 O-O 6. Nf3 b6 7. Bd3 Bb7 8. O-O
c5 9. Rc1 Nc6 10. cxd5 Nxd5 11. Bxe7 Qxe7 12. Nxd5 exd5 13. dxc5 bxc5 14. Bb1
g6 15. Qxd5 Nd4 16. Qxc5 Ne2+ 17. Kh1 Qf6 18. Qe5 Qxf3 19. e4 Qf4 20. Qxf4 Nxf4
21. Rc7 Rab8 22. Rd1 Rfd8 23. Rcd7 Rxd7 24. Rxd7 Bc6 25. Rd2 f5 26. exf5 Re8
27. Rd1 Nxg2 28. Kg1 Nf4 29. fxg6 Bf3 30. gxh7+ Kh8 0-1

[Event "Sommerschach 2022 Vereinsspieler"]
[Site "Dortmund"]
[Date "2022.07.06"]
[Round "3.22"]
[White "Feldhaus, Thomas"]
[Black "Kendziorra, Sascha"]
[Result "1/2-1/2"]
[WhiteElo "1690"]
[BlackElo "1379"]
[PlyCount "119"]
[EventDate "2022.07.??"]
[EventType "tourn"]
[EventRounds "7"]
[WhiteTeam "SV Recklinghausen-Süd"]

1. d4 Nf6 2. Nf3 g6 3. c4 Bg7 4. Nc3 d5 5. cxd5 Nxd5 6. e4 Nxc3 7. bxc3 O-O 8.
Be2 c5 9. Be3 Nc6 10. Rc1 cxd4 11. cxd4 Qa5+ 12. Qd2 Qxd2+ 13. Kxd2 Rd8 14. d5
f5 15. Bd3 fxe4 16. Bxe4 Nb4 17. Rhd1 Bg4 18. Ke1 Nxa2 19. Rc7 Nc3 20. Rxe7 Bf6
21. Rc1 Bxe7 22. Rxc3 Bb4 23. Bd2 Bxc3 24. Bxc3 Re8 25. Nd2 Rad8 26. Kf1 Bc8
27. Bb4 b6 28. d6 Ba6+ 29. Kg1 Rc8 30. Bd5+ Kg7 31. g4 Re1+ 32. Kg2 Rd8 33.
Bc3+ Kf8 34. Ne4 Rd1 35. Bc6 Bc8 36. h3 Bd7 37. Bb7 Re8 38. Nf6 Rd8 39. Nxh7+
Ke8 40. Bf6 Rxd6 41. Be4 Rxf6 42. Nxf6+ Kf7 43. g5 Be6 44. h4 b5 45. h5 gxh5
46. Nxh5 b4 47. g6+ Kg8 48. f4 Ba2 49. f5 Rd6 50. f6 Rd7 51. f7+ Rxf7 52. gxf7+
Kxf7 53. Nf4 a5 54. Ne2 a4 55. Kf2 Ke6 56. Ke3 Ke5 57. Bc6 a3 58. Ba4 b3 59.
Bxb3 Bxb3 60. Nc3 1/2-1/2

[Event "Sommerschach 2022 Vereinsspieler"]
[Site "Dortmund"]
[Date "2022.07.06"]
[Round "3.23"]
[White "Seewald, Robin"]
[Black "Raskin, Vitali"]
[Result "1/2-1/2"]
[WhiteElo "1335"]
[BlackElo "1680"]
[PlyCount "86"]
[EventDate "2022.07.??"]
[EventType "tourn"]
[EventRounds "7"]
[WhiteTeam "SC Marsberg"]

1. e4 e5 2. Nf3 Nc6 3. d4 exd4 4. Nxd4 Bc5 5. Nb3 Bb6 6. Nc3 Nf6 7. Bg5 h6 8.
Bh4 g5 9. Bg3 d6 10. Bc4 Qe7 11. Qd3 Nb4 12. Qe2 Bg4 13. f3 Be6 14. Bxe6 fxe6
15. a3 Nc6 16. O-O-O O-O-O 17. e5 dxe5 18. Bxe5 Rhf8 19. Rxd8+ Rxd8 20. Re1 Nd5
21. Nxd5 exd5 22. Bg3 Re8 23. Qxe7 Rxe7 24. h4 Rxe1+ 25. Bxe1 Ne5 26. hxg5 hxg5
27. Bd2 Nf7 28. f4 g4 29. Kd1 c5 30. c3 Nd6 31. Be3 Nc4 32. Bxc5 Bxc5 33. Nxc5
Ne3+ 34. Ke2 Nxg2 35. Nd3 Nh4 36. Kf2 Nf5 37. Nb4 d4 38. cxd4 Kd7 39. Nc2 Kd6
40. b4 b5 41. Ke2 Ke6 42. Kf2 Kd6 43. Ke2 Ke6 1/2-1/2

[Event "Sommerschach 2022 Vereinsspieler"]
[Site "Dortmund"]
[Date "2022.07.06"]
[Round "3.24"]
[White "Koch, Burkhard"]
[Black "Bensch, Christian"]
[Result "1-0"]
[WhiteElo "1762"]
[BlackElo "1323"]
[PlyCount "43"]
[EventDate "2022.07.??"]
[EventType "tourn"]
[EventRounds "7"]
[WhiteTeam "SG Wanne"]
[BlackTeam "SC Wambel"]

1. e4 e5 2. Nf3 Nc6 3. Bb5 Nf6 4. O-O Nxe4 5. Re1 d5 6. d3 Nd6 7. Nxe5 Be6 8.
Bxc6+ bxc6 9. Nxc6 Qf6 10. Nc3 Qf5 11. Nd4 Qg6 12. Nxe6 fxe6 13. Nxd5 Kd7 14.
Nf4 Qf7 15. Nxe6 h6 16. Nc5+ Kc6 17. d4 Nf5 18. Qf3+ Qd5 19. Qxd5+ Kxd5 20.
Re5+ Kxd4 21. Rxf5 Bxc5 22. Be3+ 1-0

[Event "Sommerschach 2022 Vereinsspieler"]
[Site "Dortmund"]
[Date "2022.07.06"]
[Round "3.25"]
[White "Foltin, Alica"]
[Black "Abdo, Alan"]
[Result "0-1"]
[WhiteElo "1456"]
[BlackElo "1641"]
[PlyCount "72"]
[EventDate "2022.07.??"]
[EventType "tourn"]
[EventRounds "7"]
[WhiteTeam "SV Waltrop"]
[BlackTeam "SC Listiger Bauer Essen"]

1. e4 e6 2. d3 d5 3. Nd2 Nf6 4. Ngf3 Be7 5. g3 O-O 6. Bg2 Nbd7 7. e5 Ne8 8. O-O
c5 9. c3 b6 10. a3 Ba6 11. Qc2 Rc8 12. Re1 d4 13. c4 Qc7 14. Qd1 b5 15. b3 bxc4
16. bxc4 Bb7 17. Qe2 g6 18. g4 Ng7 19. g5 Nf5 20. Rb1 Rb8 21. Nb3 Rfc8 22. Bf4
Nb6 23. Nfd2 Na4 24. Qg4 Nc3 25. Rbc1 a5 26. h4 a4 27. Na1 Bxg2 28. Kxg2 Qc6+
29. Kg1 Rb2 30. h5 Rcb8 31. hxg6 hxg6 32. Ne4 Nxe4 33. dxe4 Ng7 34. Rcd1 Qa6
35. Rc1 Ra2 36. Qf3 Nh5 0-1

[Event "Sommerschach 2022 Vereinsspieler"]
[Site "Dortmund"]
[Date "2022.07.06"]
[Round "3.26"]
[White "Zhang, Jingfu"]
[Black "Sutharjan, Dakxwin"]
[Result "1-0"]
[WhiteElo "1640"]
[BlackElo "1309"]
[PlyCount "55"]
[EventDate "2022.07.??"]
[EventType "tourn"]
[EventRounds "7"]
[WhiteTeam "SC Hansa Dortmund"]
[BlackTeam "SF Brackel"]

1. d4 d5 2. c4 e6 3. Nf3 Nf6 4. Nc3 c5 5. e3 Nc6 6. Bd3 Bd6 7. O-O O-O 8. Re1
cxd4 9. exd4 Bd7 10. c5 Bc7 11. a3 b6 12. b4 bxc5 13. bxc5 Re8 14. Bg5 h6 15.
Bh4 Ba5 16. Qb3 Bxc3 17. Qxc3 Qc7 18. Bg3 Qd8 19. Bd6 Qa5 20. Qxa5 Nxa5 21.
Rab1 Bc6 22. Ne5 Nd7 23. Nxc6 Nxc6 24. Bb5 Rec8 25. Ba6 Re8 26. Bb7 Rad8 27.
Bxc6 Kh7 28. Rb7 1-0

[Event "Sommerschach 2022 Vereinsspieler"]
[Site "Dortmund"]
[Date "2022.07.06"]
[Round "3.28"]
[White "Nguyen, Dang Khoa"]
[Black "Brügmann, Cedric"]
[Result "1/2-1/2"]
[WhiteElo "1222"]
[BlackElo "1626"]
[PlyCount "49"]
[EventDate "2022.07.??"]
[EventType "tourn"]
[EventRounds "7"]
[WhiteTeam "SF Brackel"]
[BlackTeam "SG Bochum"]

1. e4 e5 2. f4 exf4 3. Nf3 g5 4. Nc3 Nc6 5. g3 g4 6. Nh4 fxg3 7. hxg3 d6 8. d4
Nf6 9. Bf4 Nh5 10. Ng2 Nxf4 11. Nxf4 Bg7 12. Nfe2 Bd7 13. Qd2 Ne7 14. O-O-O h5
15. Kb1 Bh6 16. Qd3 Bg5 17. Bg2 c6 18. Rdf1 Qa5 19. d5 Rh6 20. Qd4 f6 21. dxc6
Nxc6 22. Qxd6 O-O-O 23. Qd5 Qxd5 24. Nxd5 Be6 25. Rd1 1/2-1/2

[Event "Sommerschach 2022 Vereinsspieler"]
[Site "Dortmund"]
[Date "2022.07.06"]
[Round "3.29"]
[White "Schulz, Robin"]
[Black "Sieberg, Rolf"]
[Result "1-0"]
[WhiteElo "1496"]
[BlackElo "1891"]
[PlyCount "70"]
[EventDate "2022.07.??"]
[EventType "tourn"]
[EventRounds "7"]
[WhiteTeam "SC Gerthe - Werne"]
[BlackTeam "Sport Union Annen"]

1. d4 Nf6 2. Nf3 g6 3. e3 Bg7 4. Bd3 O-O 5. O-O d6 6. Nbd2 Nbd7 7. b3 c5 8. c3
e5 9. Bb2 Re8 10. dxe5 dxe5 11. Ne4 b6 12. Nfd2 Nf8 13. Qc2 Bb7 14. Rad1 Ne6
15. Bb5 Re7 16. Nxf6+ Bxf6 17. Ne4 Qc7 18. Nxf6+ Kg7 19. Nd5 Bxd5 20. Rxd5 a6
21. Be2 Qc6 22. Rfd1 Nd4 23. cxd4 Qxd5 24. dxe5 Qe6 25. Rd6 Qc8 26. Rf6 Qc7 27.
Qe4 Rd8 28. e6 Kf8 29. Be5 Qc8 30. Bg4 h5 31. Qxg6 Qxe6 32. Qh6+ Ke8 33. Rxe6
Rxe6 34. Qxh5 Rg6 35. h3 Rg8 1-0

[Event "Sommerschach 2022 Vereinsspieler"]
[Site "Dortmund"]
[Date "2022.07.06"]
[Round "3.30"]
[White "Webner, Dennis"]
[Black "Strotmann, Dieter"]
[Result "1-0"]
[WhiteElo "2136"]
[BlackElo "1168"]
[PlyCount "29"]
[EventDate "2022.07.??"]
[EventType "tourn"]
[EventRounds "7"]
[WhiteTeam "TuS Varrel"]
[BlackTeam "SVG Marten-Bövinghausen"]

1. d4 d5 2. Bf4 e6 3. e3 Nf6 4. Nd2 Bd6 5. Ngf3 O-O 6. Bd3 h6 7. Ne5 Nbd7 8. g4
Ne8 9. h4 Nxe5 10. dxe5 Be7 11. g5 hxg5 12. Bh7+ Kxh7 13. Qh5+ Kg8 14. hxg5 g6
15. Qh8# 1-0

[Event "Sommerschach 2022 Vereinsspieler"]
[Site "Dortmund"]
[Date "2022.07.06"]
[Round "3.31"]
[White "Hagelskamp, Fabio"]
[Black "Rauschenbusch, Udo"]
[Result "0-1"]
[WhiteElo "1084"]
[BlackElo "1672"]
[PlyCount "72"]
[EventDate "2022.07.??"]
[EventType "tourn"]
[EventRounds "7"]
[WhiteTeam "SV Waltrop"]
[BlackTeam "FS Dortmund"]

1. e4 b6 2. d4 Bb7 3. Nc3 e6 4. Nf3 Bb4 5. Bd3 Nf6 6. Qe2 O-O 7. Bd2 d6 8. a3
Bxc3 9. Bxc3 c5 10. dxc5 dxc5 11. O-O-O Qe7 12. b3 Nc6 13. Bb2 Rfd8 14. Ba6
Bxa6 15. Qxa6 Nxe4 16. Rhf1 Rxd1+ 17. Kxd1 Rd8+ 18. Kc1 f6 19. Qb5 Nd4 20. Nxd4
cxd4 21. f4 Qd6 22. g3 d3 23. cxd3 Qxd3 24. Qxd3 Rxd3 25. Re1 Nc5 26. b4 Na4
27. Kc2 Rd6 28. Kb3 Nxb2 29. Kxb2 Kf7 30. Re2 h5 31. h4 Rd3 32. Rg2 e5 33. fxe5
fxe5 34. b5 Ke6 35. Rg1 e4 36. a4 Ke5 0-1

[Event "Sommerschach 2022 Vereinsspieler"]
[Site "Dortmund"]
[Date "2022.07.06"]
[Round "3.32"]
[White "Krolik, Wilfried"]
[Black "Burban, Victor"]
[Result "1-0"]
[WhiteElo "1540"]
[BlackElo "1303"]
[PlyCount "85"]
[EventDate "2022.07.??"]
[EventType "tourn"]
[EventRounds "7"]
[WhiteTeam "SV Waltrop"]
[BlackTeam "SchachAkademiePaderborn"]

1. e4 e6 2. d4 d5 3. exd5 exd5 4. Nf3 Nf6 5. Be2 c5 6. O-O Nc6 7. h3 cxd4 8.
Nxd4 Be7 9. Be3 O-O 10. c3 Nxd4 11. Bxd4 Bd6 12. Nd2 Bc7 13. Nf3 Ne4 14. Bd3
Ng5 15. Re1 Nxf3+ 16. Qxf3 Qd6 17. Be5 Qc6 18. Bxc7 Qxc7 19. Qxd5 Be6 20. Qe4
g6 21. Qe5 Qb6 22. Qb5 Rfd8 23. a4 Bd7 24. Qxb6 axb6 25. Bb5 Bf5 26. Re7 Ra7
27. Re8+ Rxe8 28. Bxe8 Kf8 29. Bb5 Be4 30. Re1 Bc6 31. b3 Bxb5 32. axb5 Ra3 33.
Rb1 Ke7 34. Kf1 Kd6 35. Ke2 Kc5 36. c4 Kb4 37. g4 Rxb3 38. Rxb3+ Kxb3 39. Kd3
g5 40. Kd4 Kb4 41. Kd5 Kc3 42. c5 Kb4 43. c6 1-0

[Event "Sommerschach 2022 Vereinsspieler"]
[Site "Dortmund"]
[Date "2022.07.06"]
[Round "3.33"]
[White "Cassel, Silas"]
[Black "Büdel, Jürgen"]
[Result "0-1"]
[WhiteElo "1172"]
[BlackElo "1768"]
[PlyCount "80"]
[EventDate "2022.07.??"]
[EventType "tourn"]
[EventRounds "7"]
[WhiteTeam "SF Brackel"]
[BlackTeam "FS Dortmund"]

1. Nf3 Nc6 2. d4 e6 3. Bf4 d6 4. e3 Nf6 5. c3 Bd7 6. h3 g6 7. Bd3 Bg7 8. O-O
O-O 9. Nbd2 Qc8 10. Qc2 a5 11. Rfe1 Nh5 12. Bh2 e5 13. Bc4 a4 14. b4 exd4 15.
exd4 Nf6 16. a3 Be6 17. Bxe6 fxe6 18. Qa2 Nd8 19. Rac1 Kh8 20. Bf4 Qd7 21. Bg5
c6 22. Nc4 Nd5 23. Ne3 Nf4 24. Qd2 Nxh3+ 25. Kf1 Rxf3 26. gxf3 Nxg5 27. Ke2 Qf7
28. Rg1 Qxf3+ 29. Kd3 Qe4+ 30. Ke2 Nf3 31. Qd1 Nxg1+ 32. Qxg1 Nf7 33. Qg3 g5
34. Qh3 Rf8 35. Rh1 c5 36. Qh5 cxd4 37. cxd4 Bxd4 38. b5 Bxe3 39. fxe3 Ne5 40.
Rh3 Qd3+ 0-1

[Event "Sommerschach 2022 Vereinsspieler"]
[Site "Dortmund"]
[Date "2022.07.06"]
[Round "3.34"]
[White "Buchhop, Rainer"]
[Black "Schwedhelm, Dennis"]
[Result "0-1"]
[WhiteElo "1493"]
[BlackElo "1227"]
[PlyCount "98"]
[EventDate "2022.07.??"]
[EventType "tourn"]
[EventRounds "7"]
[WhiteTeam "SV Unser Fritz"]
[BlackTeam "SV Erkenschwick"]

1. Nf3 Nf6 2. c4 g6 3. Nc3 Bg7 4. e4 d6 5. d4 O-O 6. Be2 b6 7. d5 Nbd7 8. Qc2
e5 9. Bg5 Re8 10. Qd2 Nc5 11. Bxf6 Qxf6 12. b4 Nd7 13. g4 Qf4 14. g5 a6 15. h4
Nf8 16. h5 gxh5 17. Rh4 Bg4 18. Nh2 Qxd2+ 19. Kxd2 Ng6 20. Rxg4 hxg4 21. Nxg4
Nf4 22. Nf6+ Bxf6 23. gxf6 Nxe2 24. Nxe2 Kh8 25. Ng3 Rg8 26. Nh5 Rg5 27. Ng7
Rg6 28. Nh5 Rg4 29. Ke3 Rag8 30. Rh1 Rg1 31. Rh4 Ra1 32. Ng3 Rg6 33. Nh5 Rxa2
34. Ng3 Rxf6 35. Nf5 Ra4 36. Ne7 Kg7 37. Rg4+ Rg6 38. Nxg6 hxg6 39. f4 f6 40.
fxe5 fxe5 41. Rg1 Rxb4 42. Kd3 Rb3+ 43. Kc2 Re3 44. Ra1 a5 45. Rb1 Rxe4 46. Kd3
Rd4+ 47. Kc3 g5 48. Rc1 g4 49. Kb3 e4 0-1

[Event "Sommerschach 2022 Vereinsspieler"]
[Site "Dortmund"]
[Date "2022.07.06"]
[Round "3.35"]
[White "Arnoldi, Ekkehard"]
[Black "Mokros, Jürgen"]
[Result "1-0"]
[WhiteElo "1576"]
[BlackElo "1611"]
[PlyCount "120"]
[EventDate "2022.07.??"]
[EventType "tourn"]
[EventRounds "7"]
[WhiteTeam "SVG Plettenberg"]
[BlackTeam "FS Dortmund"]

1. d4 Nf6 2. Bf4 g6 3. Nc3 d5 4. Qd2 Bg7 5. O-O-O O-O 6. Bh6 c6 7. h4 Bf5 8. f3
Nbd7 9. g4 Be6 10. h5 Re8 11. Bxg7 Kxg7 12. hxg6 fxg6 13. Qh6+ Kg8 14. g5 Nh5
15. Rxh5 gxh5 16. Qxh5 Bf7 17. Qh6 Nf8 18. f4 Qd6 19. Qh2 Ng6 20. e3 a5 21. Nf3
a4 22. a3 b5 23. Ne5 Rf8 24. Nxf7 Rxf7 25. Bd3 b4 26. Nb1 bxa3 27. Nxa3 Rb8 28.
Qh3 Rg7 29. c3 e6 30. Rh1 Kf7 31. f5 exf5 32. Bxf5 Ke7 33. Qh6 Rbg8 34. Rf1 Nf8
35. Qf6+ Qxf6 36. gxf6+ Kxf6 37. Bxh7+ Ke7 38. Bxg8 Rxg8 39. Rf2 Rg3 40. Kd2
Ne6 41. c4 Ng5 42. Ke2 Ne4 43. Rh2 Ke6 44. cxd5+ Kxd5 45. Rh5+ Rg5 46. Rxg5+
Nxg5 47. Kd3 Ne4 48. Nc2 Nd6 49. Nb4+ Ke6 50. Nxc6 Kd5 51. Nb4+ Ke6 52. e4 Nb5
53. Nd5 a3 54. bxa3 Nxa3 55. Nc3 Kd6 56. e5+ Kd7 57. d5 Ke7 58. Ke4 Nc4 59. Kd4
Nb6 60. e6 Na8 1-0

[Event "Sommerschach 2022 Vereinsspieler"]
[Site "Dortmund"]
[Date "2022.07.06"]
[Round "3.36"]
[White "Mücke, Lukas Benedikt"]
[Black "Grimme, Rudolf"]
[Result "1-0"]
[WhiteElo "1463"]
[BlackElo "1382"]
[PlyCount "67"]
[EventDate "2022.07.??"]
[EventType "tourn"]
[EventRounds "7"]
[WhiteTeam "SV Waltrop"]
[BlackTeam "SVG Marten-Bövinghausen"]

1. e4 c5 2. Nf3 Nc6 3. d4 cxd4 4. Nxd4 g6 5. c4 Bg7 6. Be3 d6 7. Nc3 Bd7 8.
Nxc6 Bxc6 9. Bd4 Nf6 10. Bd3 O-O 11. O-O a6 12. f4 Nd7 13. Bxg7 Kxg7 14. Kh1
Nc5 15. Bc2 e6 16. f5 b5 17. f6+ Kh8 18. Qd2 b4 19. Qh6 Rg8 20. Rf3 Qf8 21. Qh4
h5 22. Rh3 Qh6 23. Nd1 e5 24. Ne3 Bd7 25. g4 Rae8 26. g5 Qf8 27. Rg3 Kh7 28.
Nf5 Ne6 29. Nh6 Kh8 30. Bd1 Nf4 31. Rf3 Rc8 32. Rxf4 exf4 33. Bxh5 Qe8 34. Bf3
1-0

[Event "Sommerschach 2022 Vereinsspieler"]
[Site "Dortmund"]
[Date "2022.07.06"]
[Round "3.37"]
[White "Volmer, Martin"]
[Black "Haufe, Ulrich"]
[Result "0-1"]
[WhiteElo "1560"]
[BlackElo "1331"]
[PlyCount "88"]
[EventDate "2022.07.??"]
[EventType "tourn"]
[EventRounds "7"]
[WhiteTeam "SG Mengede"]
[BlackTeam "SU Huckarde-Westerfilde"]

1. d4 d5 2. Nf3 e6 3. c4 dxc4 4. e3 Nf6 5. Bxc4 c6 6. Nc3 b5 7. Bd3 a6 8. O-O
Nbd7 9. Re1 Nb6 10. b3 b4 11. Ne2 a5 12. Ne5 Bb7 13. Bb2 Nfd7 14. Nc4 Nxc4 15.
Bxc4 Ba6 16. Rc1 Nf6 17. Ng3 Be7 18. e4 O-O 19. Qe2 Qb6 20. Rc2 Bxc4 21. Qxc4
Rac8 22. Rec1 Rc7 23. Qe2 Rfc8 24. Kh1 Rd7 25. Rc4 Rdc7 26. f4 c5 27. Qc2 Ne8
28. dxc5 Bxc5 29. Qe2 Bd6 30. Rxc7 Rxc7 31. Rxc7 Qxc7 32. e5 Bc5 33. h3 Bb6 34.
Ne4 h6 35. Qd3 Ba7 36. Kh2 Qb6 37. Qf1 Nc7 38. h4 Nd5 39. g3 Qe3 40. Qg2 Qd3
41. Nd6 Ne3 42. Qa8+ Kh7 43. Qxa7 Qe2+ 44. Kh3 Qg2# 0-1

[Event "Sommerschach 2022 Vereinsspieler"]
[Site "Dortmund"]
[Date "2022.07.06"]
[Round "3.38"]
[White "Stork, Bernhard"]
[Black "Möhrke, Marian Erik"]
[Result "1-0"]
[WhiteElo "1451"]
[BlackElo "1292"]
[PlyCount "83"]
[EventDate "2022.07.??"]
[EventType "tourn"]
[EventRounds "7"]
[WhiteTeam "Dortmunder SV"]
[BlackTeam "Sport Union Annen"]

1. f4 d5 2. c4 c6 3. cxd5 cxd5 4. Nf3 Nf6 5. e3 Bg4 6. Bb5+ Nc6 7. O-O e6 8.
Qa4 Bxf3 9. Rxf3 Qb6 10. Bxc6+ Qxc6 11. Qxc6+ bxc6 12. d3 Rb8 13. Nd2 Bd6 14.
Nb3 Kd7 15. Bd2 Rb5 16. Bc3 Rg8 17. Rg3 Nh5 18. Rh3 g6 19. g4 Ng7 20. Rxh7 Bf8
21. Rc1 Ke7 22. Nd4 Rb6 23. Bb4+ Rxb4 24. Nxc6+ Kd7 25. Rxg7 Rxg7 26. Nxb4 Bxb4
27. e4 f5 28. Kf2 Rg8 29. Rc2 Rc8 30. Rxc8 Kxc8 31. e5 fxg4 32. Kg3 Be7 33.
Kxg4 Kc7 34. h4 Kc6 35. h5 gxh5+ 36. Kxh5 Kc5 37. Kg6 Kd4 38. Kf7 Bc5 39. Kxe6
Bb6 40. Kd6 Bc5+ 41. Kc6 Bf8 42. e6 1-0

[Event "Sommerschach 2022 Vereinsspieler"]
[Site "Dortmund"]
[Date "2022.07.06"]
[Round "3.39"]
[White "Zabel, Reinhard"]
[Black "Burban, Bogdan"]
[Result "1-0"]
[WhiteElo "1435"]
[BlackElo "1222"]
[PlyCount "103"]
[EventDate "2022.07.??"]
[EventType "tourn"]
[EventRounds "7"]
[WhiteTeam "SC Doppelbauer Brambauer"]
[BlackTeam "SchachAkademiePaderborn"]

1. d4 d5 2. c4 c6 3. Nf3 Nf6 4. Nc3 dxc4 5. e4 Bg4 6. e5 Nd5 7. Bxc4 e6 8. a3
Be7 9. h3 Bh5 10. Be2 O-O 11. O-O c5 12. Nxd5 exd5 13. Be3 cxd4 14. Nxd4 Bg6
15. Bd3 Nc6 16. f4 h6 17. Bxg6 fxg6 18. Ne6 Qd7 19. Nxf8 Rxf8 20. Qd3 Qe6 21.
Rad1 Rd8 22. Qc2 Rc8 23. Qf2 a6 24. Rd3 Rd8 25. Rfd1 a5 26. Bc5 a4 27. Bxe7
Nxe7 28. Qd4 Qc6 29. Rc3 Qb5 30. Qf2 Nc8 31. Qc2 Ne7 32. Rc5 Qb6 33. Kh2 Qa6
34. g4 Kh7 35. Rd4 Ra8 36. f5 gxf5 37. gxf5 Kh8 38. Rf4 b5 39. f6 gxf6 40. Rxf6
Qb7 41. Rxh6+ Kg8 42. Qg2+ Kf8 43. Rh8+ Kf7 44. Rxa8 Qxa8 45. Rxb5 Qc6 46. Qf3+
Ke8 47. Qh5+ Kd7 48. Qg4+ Kc7 49. Rb4 Nc8 50. Qg7+ Qd7 51. Qxd7+ Kxd7 52. Rxa4
1-0

[Event "Sommerschach 2022 Vereinsspieler"]
[Site "Dortmund"]
[Date "2022.07.06"]
[Round "3.40"]
[White "Griese, Andreas"]
[Black "Schoppe, Hans-Werner"]
[Result "0-1"]
[WhiteElo "1151"]
[BlackElo "1221"]
[PlyCount "74"]
[EventDate "2022.07.??"]
[EventType "tourn"]
[EventRounds "7"]
[WhiteTeam "SC Hansa Dortmund"]
[BlackTeam "SVG Marten-Bövinghausen"]

1. c4 c5 2. g3 Nc6 3. Bg2 e5 4. Nc3 Nf6 5. d3 a6 6. Bg5 Be7 7. e4 O-O 8. Nge2
Nd4 9. Nxd4 exd4 10. Nd5 Nxd5 11. Bxe7 Nxe7 12. O-O Rb8 13. f4 b5 14. b3 bxc4
15. bxc4 Rb2 16. f5 Qa5 17. a4 Qd2 18. Qxd2 Rxd2 19. Rf3 Nc6 20. Rf2 Rxd3 21.
f6 g6 22. h4 Ne5 23. Rff1 Rb3 24. h5 Nxc4 25. hxg6 hxg6 26. Rac1 Rc3 27. Rxc3
dxc3 28. Rc1 Ne3 29. Rxc3 Nxg2 30. Kxg2 d6 31. a5 Bb7 32. Kf3 Re8 33. Rc4 Bc6
34. Kf4 Re5 35. g4 g5+ 36. Kf3 Bb5 37. Rc1 Re6 0-1